| 000 | 01603cad a22002415a 4500 | ||
|---|---|---|---|
| 001 | L153340 | ||
| 008 | 110712e20110712xxkd f s f000 0 eng d | ||
| 035 | _a(Sirsi) u153340 | ||
| 041 | 0 | _aeng | |
| 050 | 0 | 4 | _a333.33 $2 18 |
| 110 | 1 |
_aUnited Kingdom _bDepartment for Communities and Local Government _94939 |
|
| 245 | 0 | 0 |
_aHouse price index _bMay 2011 _h[electronic resource] |
| 260 |
_aLondon _bDCLG _c2011 |
||
| 490 | 0 |
_aDCLG House Price Index _vMay 2011 |
|
| 520 | _aUK house prices decreased by 1.6% since May 2010 and by 0.5% since April 2011. The mix-adjusted average house price was £203 528 in May 2011 (not seasonally adjusted). UK house prices fell by 0.1% in the quarter ending April 2011 as well as a decrease of 0.3% in the quarter ending February 2011(seasonally adjusted). Annual average house prices fell by 1.3% in England, 2.5% in Scotland, 6.1% in Wales and 13.2% in Northern Ireland. Annual average house prices paid by first time buyers in May 2011 were 2.1% lower than a year ago. Average house prices paid by former owner occupiers decreased by 1.4%. Annual average house prices paid for new properties in May 2011 were 7.8% higher than a year ago. By comparison average house prices paid on pre-owned dwellings were 2.3% lower. | ||
| 521 | _aAdvanced | ||
| 590 | _aKA NTK | ||
| 650 | 2 | 4 | _aDCLG HOUSE PRICE INDEX |
| 651 | 4 |
_aUnited Kingdom _y |
|
| 690 | _aPROPERTY-RESIDENTIAL PROPERTY-RESIDENTIAL PROPERTY MARKET | ||
| 856 | 4 | 0 |
_uhttps://www.communities.gov.uk/documents/statistics/pdf/1942653.pdf _zView this item free of charge at www.communities.gov.uk |
| 942 | _n0 | ||
| 999 |
_c112476 _d112476 |
||